[Event "NOR-chT Clubs"]
[Site "Drammen"]
[Date "2022.05.26"]
[Round "5"]
[White "Hauge, Daniel Steen"]
[Black "Burchard, Ingar Berg"]
[Result "1/2-1/2"]
[WhiteElo "1739"]
[BlackElo "1683"]
[PlyCount "21"]
[EventDate "2022.05.26"]
[EventType "team-swiss"]
[EventRounds "6"]
[EventCountry "NOR"]
[SourceTitle "EXT 2024"]
[Source "ChessBase"]
[SourceDate "2023.10.10"]
[SourceVersion "1"]
[SourceVersionDate "2023.10.10"]
[SourceQuality "1"]
[WhiteTeam "Offerspill Hobby"]
[BlackTeam "Mosjoen"]
[WhiteTeamCountry "NOR"]
[BlackTeamCountry "NOR"]

1. b3 e6 2. Bb2 b6 3. Nf3 Bb7 4. g3 Nf6 5. Bg2 Be7 6. 0-0 d5 7. c4 dxc4 8. bxc4 0-0 9. d3 Nbd7 10. Nbd2 c5 11. Qc2 1/2-1/2